| 000 | 00357nam a2200145Ia 4500 | ||
|---|---|---|---|
| 008 | 230711s9999||||xx |||||||||||||| ||und|| | ||
| 041 | _aENG | ||
| 082 |
_a621 _bMI-E |
||
| 100 | _aMiah,MAW | ||
| 245 | 0 | _aFundamentals of electromegnatics | |
| 250 | _a1st | ||
| 260 |
_c1982 _aNew Delhi _bTata McGraw Hill Education Limited |
||
| 650 | _aPhysics | ||
| 942 | _cBK | ||
| 999 |
_c1263 _d1263 |
||